| 000 | 01260cam a2200277 4500 | ||
|---|---|---|---|
| 001 | WB3709-06 | ||
| 008 | 000000n2001 000 0 eng u | ||
| 035 | _a(Sirsi) u111197 | ||
| 245 | _aRICS research reveals business dissatisfaction over leases | ||
| 260 | _c2001 | ||
| 490 |
_aRICS Press Release _v(pr026) 26 February 2001, (2) |
||
| 520 | _aA new report commissioned by the RICS has shown that 40% of international and UK corporate occupiers find the leases system unsatisfactory and that this weakens the competitiveness of the UK as a business location. The primary concern is the length of lease followed by break clauses, assignment and sub-letting, repairs and insurance, and rent reviews with many occupiers feeling that shorter leases would help address these concerns. The report, "Lease Structures, Terms and Lengths", is available on the RICS website at http://www.rics.org.uk. | ||
| 590 | _aWB | ||
| 650 | _aASSIGNMENT | ||
| 650 | _aBREAK CLAUSES | ||
| 650 | _aCOMMERCIAL LEASES | ||
| 650 | _aLENGTH OF LEASE | ||
| 650 |
_aInsurance _96249 |
||
| 650 | _aOCCUPIERS | ||
| 650 | _aRENT REVIEWS | ||
| 650 | _aREPAIRS | ||
| 650 | _aRICS RESEARCH | ||
| 650 | _aSUBLETTING | ||
| 690 | _aPROPERTY-COMMERCIAL PROPERTY | ||
| 942 | _n0 | ||
| 999 |
_c66247 _d66247 |
||